000 00469nam a2200193 a 4500
001 1757333385188
003 ACL
005 20250908174142.0
008 250908s1982##################000#0#eng##
020 _a9780486243801
082 0 4 _a783.242
_bWOL
100 1 _aWolf, Hugo,
_eauthor.
245 1 0 _aThe complete Mörike songs :
260 _bCourier Corporation,
_c1982.
300 _a208 pages
650 0 _aMusic.
942 _cENGLISH
040 _aACL
_beng
_cACL
999 _c585911
_d585911